000 00774nam a2200241Ia 4500
003 OSt
005 20220923221136.0
006 a|||||r|||| 00| 0
007 ta
008 220922b |||||||| |||| 00| 0 hin d
024 _a195,555
037 _cTextual
040 _aARTS
_cARTS
_bhin
041 _2hin
_ahin
082 _aR3xM88:12, K5;L5
100 _aराधाकृष्णन, सर्वपल्लि
245 0 _aधर्म और समाज
246 _aDharma aur samāja
260 _aनई दिल्ली
_b सरस्वती विहार
_c1975
300 _a261पृ.
_ccm.
942 _hR3xM88:12, K5;L5
_cTEXL
_2CC
999 _c347699
_d347699